MARC

LEADER 00000nam0a2200000 4500
001 47974
005 20231101211125.0
010 |a 5894280885 
035 |a (RuTPU)RU\TPU\book\50165 
090 |a 47974 
100 |a 20030227d2002 m y0rusy50 ca 
101 0 |a rus 
102 |a RU 
105 |a aс z 000zy 
200 1 |a Томский учительский институт: возвращенная история. 1902-1920 годы  |f М. П. Войтеховская, С. А. Кочурина  |g Томский государственный педагогический университет 
210 |a Томск  |c Изд-во ТГПУ  |d 2002 
215 |a 239 с.  |c ил., портр. 
225 1 |a Энциклопедия образования в Томске 
606 1 |a Университеты  |2 stltpush  |3 (RuTPU)RU\TPU\subj\63052  |9 80100 
606 1 |a Высшее образование  |x История  |2 stltpush  |3 (RuTPU)RU\TPU\subj\3993  |9 32313 
610 1 |a вузы 
610 1 |a история 
610 1 |a Сибирь 
610 1 |a Томск 
610 1 |a Томский учительский институт 
610 1 |a 20 век 
686 |a Ч484(2)71  |v LBC/SL-A  |2 rubbk 
686 |a Ч483  |v LBC/SL-A  |2 rubbk 
700 1 |a Войтеховская  |b М. П.  |g Марина Петровна 
701 1 |a Кочурина  |b С. А.  |g Светлана Анатольевна 
712 0 2 |a Томский государственный педагогический университет  |2 stltpush  |3 (RuTPU)RU\TPU\col\40 
801 1 |a RU  |b 63413507  |c 20030227  |g PSBO 
801 2 |a RU  |b 63413507  |c 20220714  |g PSBO 
942 |c BK